| 000 -CABECERA |
| Longitud fija campo de control |
01477cam a22002537a 4500 |
| 003 - IDENTIFICADOR DEL NÚMERO DE CONTROL |
| Identificador del número de control |
OSt |
| 005 - FECHA Y HORA DE LA ÚLTIMA TRANSACCIÓN |
| Fecha y hora de la última transacción |
20180117153753.0 |
| 008 - CÓDIGOS DE INFORMACIÓN DE LONGITUD FIJA |
| Códigos de información de longitud fija |
180117e201701 spca||| b||| 000 0 spa|d |
| 017 ## - NÚMERO DE COPYRIGHT O DE DEPÓSITO LEGAL |
| Número de copyright o de depósito legal |
DL B 122-2017 |
| Agencia que asigna el número |
Biblioteca de Catalunya |
| 020 ## - NÚMERO INTERNACIONAL NORMALIZADO PARA LIBROS |
| Número Internacional Normalizado para Libros (ISBN) |
9788498887594 |
| 040 ## - FUENTE DE LA CATALOGACIÓN |
| Centro catalogador de origen |
ES-BaCBU |
| Lengua de catalogación |
cat |
| Centro transcriptor |
CDMR |
| 130 0# - PUNTO DE ACCESO PRINCIPAL-TÍTULO UNIFORME |
| Título uniforme |
Humoristas. |
| Información miscelánea |
Franc, Isabel |
| 245 14 - MENCIÓN DE TÍTULO |
| Título |
Las Humoristas |
| Resto del título |
: ensayo poco serio sobre mujeres y humor / |
| Mención de responsabilidad, etc. |
Isabel Franc (ed.) |
| 260 ## - PUBLICACIÓN, DISTRIBUCIÓN, ETC. (PIE DE IMPRENTA) |
| Lugar de publicación, distribución, etc. |
Barcelona : |
| Nombre del editor, distribuidor, etc. |
Icaria Editorial, |
| Fecha de publicación, distribución, etc. |
2017 |
| 300 ## - DESCRIPCIÓN FÍSICA |
| Extensión |
206 pàgines : |
| Otras características físicas |
il·lustracions en color, fotos ; |
| Dimensiones |
22 cm |
| 504 ## - NOTA DE BIBLIOGRAFÍA, ETC |
| Nota de bibliografía, etc. |
Bibliografia |
| 505 8# - NOTA DE CONTENIDO CON FORMATO |
| Nota de contenido con formato |
Conté: Introducción / Isabel Franc -- Maestras de la comicidad / Nadia Pizzuti -- El humor de las mujeres en el mundo del cómic / Josune Muñoz -- Risas de Vanguardia : ironía y humor en las pintoras del siglo XX (1900-1950) / Elina Norandi -- La risa subalterna de las bertsolaris / Uxue Alberdi Estibaritz -- Se abre el telón : mujeres que saben hacer reír / Teresa Urroz -- El humor en la poesía de mujeres : un mecanismo de transgresión / Maria Castrejón -- Las demasiado... : reflexiones de una payasa sobre las mujeres y el humor / Virginia Imaz -- Sonrisas de tinta : diálogo entre Isabel Franc y Josune Muñoz |
| 650 #7 - PUNTO DE ACCESO ADICIONAL DE MATERIA - TÉRMINO DE MATERIA |
| Término de materia o nombre geográfico como elemento inicial |
Dones humoristes |
| Fuente del encabezamiento o término |
lemac |
| 650 #7 - PUNTO DE ACCESO ADICIONAL DE MATERIA - TÉRMINO DE MATERIA |
| Término de materia o nombre geográfico como elemento inicial |
Dones |
| Subdivisión de materia general |
Obres humorístiques |
| Fuente del encabezamiento o término |
lemac |
| 650 07 - PUNTO DE ACCESO ADICIONAL DE MATERIA - TÉRMINO DE MATERIA |
| Término de materia o nombre geográfico como elemento inicial |
Humorisme |
| Subdivisión de materia general |
Escriptores |
| -- |
Història i crítica |
| Fuente del encabezamiento o término |
lemac |
| 9 (RLIN) |
2614 |
| 650 #7 - PUNTO DE ACCESO ADICIONAL DE MATERIA - TÉRMINO DE MATERIA |
| Término de materia o nombre geográfico como elemento inicial |
Dones i literatura |
| Fuente del encabezamiento o término |
lemac |
| 700 1# - PUNTO DE ACCESO ADICIONAL - NOMBRE DE PERSONA |
| Nombre de persona |
Franc, Isabel, |
| Fechas asociadas al nombre |
1955- |
| 942 ## - ENTRADA DE ELEMENTOS AGREGADOS (KOHA) |
| Koha [por defecto] tipo de item |
Monografies |